000 01191cam a2200325 a 4500
999 _c27179
_d27179
001 4470284
005 20170207150824.0
008 960321s1997 pauaf b 001 0 eng c
010 _a 96015373
020 _a0721696422
050 0 0 _aR123 .L46 1997
082 0 0 _a610/.14
_220
100 1 _aLeonard, Peggy C.
245 1 0 _aBuilding a medical vocabulary /
_cPeggy C. Leonard.
246 1 4 _aBuilding a medical vocabulary with Spanish translations
250 _a4th ed.
260 _aPhiladelphia :
_bW.B. Saunders Co.,
_cc1997.
300 _aviii, 545 p., 16 p. of plates :
_bill. (some col.) ;
_c28 cm. +
_e2 computer disks (3 1/2 in.)
504 _aIncludes bibliographical references (p. 503) and index.
650 0 _aMedicine
_xTerminology.
650 0 _aHuman anatomy
_xTerminology.
650 0 _aEnglish language
_xGlossaries, vocabularies, etc.
650 1 2 _aNomenclature.
942 _2lcc
_cBOOKS